00587nam a22000977a 4500040000800000082002700008100005200035245036000087260002500447300001700472 cRUA aAVM ROU 2025 B705 Or.1 aROUN, SOTHEARA/ រួន សុធារ៉ា aCase of antibiotic resistance among eschericha coli isolated from chickens in tamoen commune, thmakol district, battambang province, ករណី ESCHERICHIA ស៊ាំនឹងឳសថអង់ទីប៊ីយ៉ូទិកលើមាន់នៅឃុំតាម៉ឺន ស្រុកថ្មគោល ខេត្តបាត់ដំបង aPHNOM PNHbRUAc2025 ax,42p.bill.